000 00590cam a22002053a 4500
001 40989
003 PGUSA
005 20140828083924.0
008 121008s2012||||xxu|||||s|||||000 | eng d
040 _aPGUSA
_beng
042 _adc
245 1 4 _aThe Paston Letters, Volume II (of 6) :
_bNew Complete Library Edition
_h[electronic resource]
260 _bProject Gutenberg,
_c2012
506 _aPublic domain in the USA.
516 _aElectronic text
700 1 _aGairdner, James
830 0 _aProject Gutenberg
_v40989
856 4 0 _uhttp://www.gutenberg.org/ebooks/40989
942 _cEB
999 _c270241
_d270241